006700000a220013300045001000017000002450047000173000032000645200297000966500012003937730016004059420008004219520090004299990017005191 aHolland,Ros.10aOfreciendo amistad a los que buscan asilo. ano.78 (jun., 2008), p.13-14 aUn refugiado es una persona que se muda de su país porque se siente insegura allí debido a la raza, la religión, la opinión política o por ser miembro de un grupo social específico. A las personas que quieren ser reconocidas como refugiadas se les denomina solicitantes de asilo.14aAMISTAD0 tPaso a Paso cANA 001040708HEMaFUSBCbFUSBCd2016-01-26l0o r2016-01-26 00:00:00w2016-01-26yANA c63078d63078